[Event "Gothenburg op"]
[Site "Gothenburg"]
[Date "2016.08.19"]
[Round "1"]
[White "Hagglund, Lars"]
[Black "Golubka, Petr"]
[Result "0-1"]
[WhiteElo "1844"]
[BlackElo "2373"]
[PlyCount "90"]
[EventDate "2016.08.19"]
[EventType "swiss"]
[EventRounds "8"]
[EventCountry "SWE"]
[SourceTitle "CBM 174 Extra"]
[Source "ChessBase"]
[SourceDate "2016.10.10"]
[SourceVersion "1"]
[SourceVersionDate "2016.10.10"]
[SourceQuality "1"]

1. d4 d5 2. Bf4 c6 3. e3 Qb6 4. Qc1 Bf5 5. Nd2 e6 6. Ngf3 c5 7. c3 Nc6 8. Be2 Nf6 9. h3 h6 10. 0-0 Be7 11. Ne5 0-0 12. g4 Bh7 13. g5 hxg5 14. Bxg5 Qd8 15. f4 Ne4 16. Nxe4 Bxe4 17. Bxe7 Qxe7 18. Nf3 Bxf3 19. Rxf3 g6 20. Qe1 Rac8 21. Qg3 cxd4 22. exd4 Kg7 23. Bd3 f5 24. Re1 Rf6 25. Rfe3 Rh8 26. Qg5 Rh5 27. Qg2 Qd6 28. Rf3 Nd8 29. Be2 Nf7 30. Re3 Rh4 31. Re5 Rxf4 32. Bd3 Re4 33. Bxe4 dxe4 34. Ra5 e5 35. Rd1 Qb6 36. Rd5 e3 37. Qf3 f4 38. b3 Qe6 39. Qe4 e2 40. Re1 f3 41. Kf2 Rf4 42. Qc2 Qxd5 43. Rg1 e4 44. Rg3 e3+ 45. Kxe3 e1Q+ 0-1

[Event "Goteborg op"]
[Site "Molnlycke"]
[Date "2015.08.14"]
[Round "1"]
[White "Blomqvist, Erik"]
[Black "Hagglund, Lars"]
[Result "1-0"]
[WhiteElo "2508"]
[BlackElo "1880"]
[PlyCount "76"]
[EventDate "2015.08.14"]
[EventType "swiss"]
[EventRounds "8"]
[EventCountry "SWE"]
[SourceTitle "CBM 167 Extra"]
[Source "ChessBase"]
[SourceDate "2015.09.14"]
[SourceVersion "1"]
[SourceVersionDate "2015.09.14"]
[SourceQuality "1"]

1. Nf3 Nf6 2. c4 g6 3. Nc3 Bg7 4. g3 d6 5. d4 c6 6. Bg2 0-0 7. 0-0 Qa5 8. h3 Qa6 9. b3 Nbd7 10. Bb2 Qa5 11. e4 e5 12. Re1 Re8 13. Qd2 a6 14. Rad1 b5 15. c5 dxc5 16. dxe5 Nxe5 17. Nxe5 Rxe5 18. Nxb5 Qxd2 19. Rxd2 Re7 20. Nd6 Be6 21. Ba3 Nd7 22. Rc1 Bd4 23. Nb7 Ree8 24. Nxc5 Bxc5 25. Bxc5 Ne5 26. f4 Nd7 27. Bd6 Rec8 28. Rdc2 f5 29. exf5 Bxf5 30. Rxc6 Nf6 31. Be5 Ne8 32. Kf2 Rd8 33. Ke2 Bd3+ 34. Ke3 Bb5 35. R6c3 Ra7 36. a4 Bd7 37. Bd4 Nd6 38. Bxa7 Re8+ 1-0